Taylor Swift - The Great War Lyrics - Statistics

General Stats
  • This quiz has been taken 127 times
    104 since last reset
  • The average score is 291 of 358
Answer Stats
Answer % Correct
we
100%
We
100%
a
98%
I
98%
My
98%
my
98%
you
98%
You
98%
in
96%
the
96%
Great
95%
on
95%
to
95%
To
95%
War
95%
war
95%
was
95%
were
95%
your
95%
Your
95%
be
93%
for
93%
it
93%
It
93%
that
93%
That
93%
go
91%
like
91%
So
91%
so
91%
All
89%
all
89%
And
89%
and
89%
hand
89%
me
89%
If
87%
reached
87%
bruised
85%
I'd
85%
no
85%
one
85%
as
84%
back
84%
got
84%
some
84%
survived
84%
Always
82%
always
82%
been
82%
crimson
82%
not
82%
of
82%
throughout
82%
Uh
82%
uh
82%
bloodshed
80%
hair
80%
into
80%
violets
80%
with
80%
battle
78%
clover
78%
down
78%
haze
78%
knuckles
78%
lost
78%
never
78%
sense
78%
something
78%
Somewhere
78%
will
78%
yours
78%
betrayed
76%
'Cause
76%
cry
76%
over
76%
up
76%
at
75%
bigger
75%
cursed
75%
is
75%
it's
75%
maybe
75%
Maybe
75%
anymore
73%
did
73%
her
73%
off
73%
sleep
73%
turned
73%
can
71%
finger
71%
nearly
71%
night
71%
really
71%
said
71%
talked
71%
vow
71%
vowed
71%
blue
69%
called
69%
ground
69%
hairpin
69%
have
69%
huh
69%
remember
69%
Say
69%
thought
69%
truth
69%
come
67%
egos
67%
from
67%
honor
67%
letter
67%
Looked
67%
place
67%
poppy
67%
Sucker
67%
But
65%
dream
65%
garden
65%
icy
65%
punching
65%
things
65%
took
65%
wasn't
65%
alone
64%
blur
64%
Broken
64%
drew
64%
freely
64%
memory
64%
more
64%
prayer
64%
sweet
64%
that's
64%
triggers
64%
walls
64%
banners
62%
fair
62%
fire
62%
good
62%
plant
62%
swinging
62%
talking
62%
tears
62%
trust
62%
underground
62%
desire
60%
Flashes
60%
playing
60%
poison
60%
Soldier
60%
curtains
58%
faith
58%
justified
58%
Screaming
58%
tomb
58%
Tore
58%
treaties
58%
closed
56%
drank
56%
past
56%
punish
56%
silence
56%
Spineless
56%
Telling
56%
There's
55%
troops
55%
diesel
53%
glory
53%
morning
53%
solemn
53%
crypt
51%
No matching quizzes found
Score Distribution
Percent of People with Each Score
Percentile by Number Answered
Your Score History
You have not taken this quiz since the last reset